000
00326nam a22001337a 4500
008
210303b ||||| |||| 00| 0 eng d
020
_a
9780975889503
041
_a
eng
080
_a
616-053.2
100
_a
8
101
_a
PED
245
_a
The Child Safe Guide for New and Expecting Parents
_c
Bezick,J.CH
942
_2
udc
_c
BK
999
_c
55630
_d
55630